|
|
|
|
| LEADER |
00000nam0a2200000 4500 |
| 001 |
24149 |
| 005 |
20231030200058.0 |
| 010 |
|
|
|a 5238001967
|
| 035 |
|
|
|a (RuTPU)RU\TPU\book\24375
|
| 035 |
|
|
|a BOOK00024448
|
| 090 |
|
|
|a 24149
|
| 100 |
|
|
|a 20011209d2000 m y0rusy50 ca
|
| 101 |
0 |
|
|a rus
|
| 102 |
|
|
|a RU
|
| 105 |
|
|
|a a j 000zy
|
| 200 |
1 |
|
|a Охрана окружающей среды
|e учебник
|f Автор-сост. А. С. Степановских
|
| 210 |
|
|
|a Москва
|c ЮНИТИ-ДАНА
|d 2000
|
| 215 |
|
|
|a 559 с.
|c ил.
|
| 610 |
1 |
|
|a экология
|
| 610 |
1 |
|
|a окружающая среда
|
| 610 |
1 |
|
|a охрана
|
| 610 |
1 |
|
|a загрязнители
|
| 610 |
1 |
|
|a атмосфера
|
| 610 |
1 |
|
|a земля
|
| 610 |
1 |
|
|a недра
|
| 610 |
1 |
|
|a растения
|
| 610 |
1 |
|
|a животные
|
| 610 |
1 |
|
|a общество
|
| 610 |
1 |
|
|a среда обитания
|
| 610 |
1 |
|
|a природа
|
| 610 |
1 |
|
|a сельское хозяйство
|
| 610 |
1 |
|
|a население
|
| 610 |
1 |
|
|a законы
|
| 610 |
1 |
|
|a термины
|
| 610 |
1 |
|
|a понятия
|
| 610 |
1 |
|
|a учебники
|
| 675 |
|
|
|a 502.3(075.8)
|v 3
|
| 702 |
|
1 |
|a Степановских
|b А. С.
|g Анатолий Сергеевич
|4 220
|
| 801 |
|
0 |
|a RU
|b 63413507
|c 20011209
|g PSBO
|
| 801 |
|
2 |
|a RU
|b 63413507
|c 20201127
|g PSBO
|
| 942 |
|
|
|c BK
|